| 000 | 04471naa a2200481 4500 | ||
|---|---|---|---|
| 005 | 20080924111043.0 | ||
| 010 | _aB-476254-276 | ||
| 020 |
_a8175155922 _c200.00 |
||
| 020 |
_a9788175155923 _c200.00 |
||
| 035 | _aB-476254-276 | ||
| 037 | _bBlue Berry/Ven | ||
| 082 | _aS | ||
| 245 | _aLet's read mythical tales / | ||
| 260 |
_aNew Delhi _bGalgotia Publications _c2010 |
||
| 270 |
_a5, Ansari Road,Darya Ganj _bNew Delkhi _e110002 |
||
| 300 |
_a130 p. _c24 cm. (Hb.) _bill |
||
| 700 | _941957 | ||
| 942 |
_adpl _cCH _2ddc _mLET _hS |
||
| 999 |
_c62755 _d62755 |
||